Mediterranean shipping directory 1991

Αποθηκεύτηκε σε:
Λεπτομέρειες βιβλιογραφικής εγγραφής
Μορφή: Βιβλίο
Γλώσσα:English
Δημοσίευση: London : Lloyd's of London Press, 1991
Θέματα:
Ετικέτες: Προσθήκη ετικέτας
Δεν υπάρχουν, Καταχωρήστε ετικέτα πρώτοι!

MARC

LEADER 00000nam a2200000 i 4500
001 1/66461
008 980910s1991 eng d
020 |a 1850443327 
035 |l 10029823 
040 |a GR-MY-UA  |b gre  |e aacr 
041 0 |a eng 
082 0 |a 387.5091822025 
245 1 0 |a Mediterranean shipping directory 1991 /  |c edited by Chris Emery 
260 |a London :   |b Lloyd's of London Press,   |c 1991 
300 |a 220 p. 
650 0 0 |a Shipping  |x Mediterranean Region  |x Directories. 
852 |a INST  |b CHIOS  |e 19980910  |h 387.5091822025 MED  |p 005200015606  |q 005200015606  |t BK  |y 0 
901 |a BIBL-1998-3 
909 |a Χ  |b 054859 
922 |a 2ΕΛΗ  |b 199809  |c ΤΝΕΥ  |d ΜΑΝΤΑΡΑΚΗΣ